[Event "Grand Pacific op"]
[Site "Victoria CAN"]
[Date "2011.04.23"]
[Round "2"]
[White "Kong, Dezheng"]
[Black "Rausis, Igors"]
[Result "1/2-1/2"]
[WhiteElo "2030"]
[BlackElo "2489"]
[PlyCount "35"]
[GameId "2160767909778859"]
[EventDate "2011.04.22"]
[EventType "swiss"]
[EventRounds "6"]
[EventCountry "CAN"]
[SourceTitle "EXT 2014"]
[Source "ChessBase"]
[SourceDate "2013.11.20"]
[SourceVersion "1"]
[SourceVersionDate "2013.11.20"]
[SourceQuality "1"]

1. Nf3 d5 2. c4 d4 3. d3 Nc6 4. g3 e5 5. Bg2 Bb4+ 6. Bd2 a5 7. O-O Nge7 8. Bxb4 axb4 9. Qb3 O-O 10. Nbd2 Bd7 11. a3 bxa3 12. Rxa3 Rxa3 13. Qxa3 Qa8 14. Ra1 Qxa3 15. Rxa3 f6 16. Ne1 Rb8 17. Ne4 b6 18. Nc2 1/2-1/2

[Event "Grand Pacific op"]
[Site "Victoria CAN"]
[Date "2011.04.23"]
[Round "2"]
[White "Maisuradze, Nino"]
[Black "Cohen, Lawrence S"]
[Result "1-0"]
[WhiteElo "2296"]
[BlackElo "2019"]
[PlyCount "131"]
[GameId "2160767909778860"]
[EventDate "2011.04.22"]
[EventType "swiss"]
[EventRounds "6"]
[EventCountry "CAN"]
[SourceTitle "EXT 2014"]
[Source "ChessBase"]
[SourceDate "2013.11.20"]
[SourceVersion "1"]
[SourceVersionDate "2013.11.20"]
[SourceQuality "1"]

1. d4 c5 2. d5 e5 3. e4 d6 4. Nc3 Nf6 5. h3 a6 6. a4 Be7 7. Be3 Nbd7 8. g4 h6 9. Nge2 Rb8 10. Ng3 g6 11. Be2 b6 12. Qd2 Bf8 13. Rf1 Bg7 14. O-O-O Qc7 15. f4 c4 16. g5 hxg5 17. fxg5 Ng8 18. Bg4 Nc5 19. Bxc8 Qxc8 20. h4 Rb7 21. Qf2 f6 22. h5 gxh5 23. Nf5 Bf8 24. gxf6 Rf7 25. Bxc5 bxc5 26. Ng7+ Kd8 27. Ne6+ Ke8 28. Qe2 Rxf6 29. Qxc4 h4 30. a5 Rh7 31. Na4 Bh6+ 32. Kb1 Qd7 33. Nb6 Qb5 34. Qxb5+ axb5 35. a6 Ra7 36. Nc8 Rxa6 37. Nc7+ Kd7 38. Nxa6 Kxc8 39. b4 c4 40. Kb2 Kb7 41. Rg1 Ne7 42. Ra1 Rf8 43. Ra5 Kb6 44. Rga1 Bf4 45. Nc5 dxc5 46. Ra6+ Kc7 47. Ra7+ Kd8 48. bxc5 Be3 49. Ra8+ Nc8 50. Rxc8+ Kxc8 51. Ra8+ Kc7 52. Rxf8 Bxc5 53. Rf7+ Kb6 54. c3 b4 55. Rh7 Kb5 56. Rxh4 bxc3+ 57. Kxc3 Bb4+ 58. Kc2 Kc5 59. Rh6 Kd4 60. d6 Kxe4 61. d7 Ba5 62. Ra6 Bd8 63. Kc3 Kf3 64. Ra8 Bh4 65. d8=Q Bxd8 66. Rxd8 1-0

[Event "Grand Pacific op"]
[Site "Victoria CAN"]
[Date "2011.04.23"]
[Round "2"]
[White "Moore, Harry"]
[Black "Lo, Ryan"]
[Result "1/2-1/2"]
[WhiteElo "2275"]
[BlackElo "1988"]
[PlyCount "59"]
[GameId "2160767909778861"]
[EventDate "2011.04.22"]
[EventType "swiss"]
[EventRounds "6"]
[EventCountry "CAN"]

1. e4 c5 2. Nf3 e6 3. d3 d5 4. Nbd2 Nf6 5. g3 Nc6 6. Bg2 Be7 7. O-O O-O 8. Re1 Qc7 9. e5 Nd7 10. Qe2 Re8 11. Nf1 f6 12. Bf4 fxe5 13. Nxe5 Ndxe5 14. Bxe5 Nxe5 15. Qxe5 Qxe5 16. Rxe5 Bf6 17. Re2 Bd7 18. c4 Bc6 19. Rae1 Kf7 20. Bh3 e5 21. Ne3 e4 22. Nxd5 exd3 23. Rxe8 Rxe8 24. Rd1 Bxd5 25. cxd5 Bxb2 26. Rxd3 c4 27. Rf3+ Ke7 28. Re3+ Kd8 29. Rxe8+ Kxe8 30. Kf1 1/2-1/2

[Event "Grand Pacific op"]
[Site "Victoria CAN"]
[Date "2011.04.23"]
[Round "2"]
[White "Taylor, James"]
[Black "Ma, Lan"]
[Result "0-1"]
[WhiteElo "1491"]
[BlackElo "1801"]
[PlyCount "76"]
[GameId "2160767909778863"]
[EventDate "2011.04.22"]
[EventType "swiss"]
[EventRounds "6"]
[EventCountry "CAN"]

1. c4 Nf6 2. Nc3 e6 3. g3 d5 4. cxd5 Nxd5 5. Bg2 c6 6. e3 g6 7. Nge2 Bg7 8. d4 O-O 9. e4 Nxc3 10. bxc3 e5 11. O-O exd4 12. cxd4 c5 13. Be3 Nc6 14. d5 Bxa1 15. Qxa1 Nd4 16. Nxd4 cxd4 17. Qxd4 f6 18. Bh6 Rf7 19. Kh1 Qb6 20. Be3 Qxd4 21. Bxd4 Bd7 22. f4 a6 23. Re1 Rc8 24. e5 Rc4 25. Ba1 fxe5 26. fxe5 Rf2 27. e6 Bb5 28. e7 Kf7 29. d6 Rcc2 30. Bd5+ Ke8 31. d7+ Bxd7 32. h4 Rfe2 33. Rxe2 Rxe2 34. Bf6 Bc6 35. Bxc6+ bxc6 36. a4 c5 37. g4 c4 38. g5 Rxe7 0-1

[Event "Grand Pacific op"]
[Site "Victoria CAN"]
[Date "2011.04.23"]
[Round "2"]
[White "Williams, John Michael"]
[Black "Cao, Jason"]
[Result "1-0"]
[WhiteElo "2103"]
[BlackElo "1921"]
[PlyCount "51"]
[GameId "2160767909778864"]
[EventDate "2011.04.22"]
[EventType "swiss"]
[EventRounds "6"]
[EventCountry "CAN"]
[SourceTitle "EXT 2014"]
[Source "ChessBase"]
[SourceDate "2013.11.20"]
[SourceVersion "1"]
[SourceVersionDate "2013.11.20"]
[SourceQuality "1"]

1. e4 c5 2. Nf3 d6 3. d4 cxd4 4. Nxd4 Nf6 5. Nc3 a6 6. Bg5 e6 7. f4 Be7 8. Qf3 Qc7 9. O-O-O Nbd7 10. g4 b5 11. Bxf6 Nxf6 12. g5 Nd7 13. f5 Ne5 14. Qg3 b4 15. Nce2 Nc6 16. fxe6 fxe6 17. Nxc6 Qxc6 18. Nd4 Qc5 19. h4 O-O 20. Qb3 d5 21. exd5 exd5 22. Bg2 Rd8 23. Rhe1 Ra7 24. Nc6 Qxc6 25. Rxd5 Be6 26. Rxe6 1-0

[Event "Grand Pacific op"]
[Site "Victoria CAN"]
[Date "2011.04.23"]
[Round "2"]
[White "Wu, Ruining (Ray)"]
[Black "Allan, Phillip"]
[Result "1-0"]
[WhiteElo "1422"]
[BlackElo "1952"]
[PlyCount "57"]
[GameId "2160767909778865"]
[EventDate "2011.04.22"]
[EventType "swiss"]
[EventRounds "6"]
[EventCountry "CAN"]

1. e4 c5 2. Nf3 d6 3. d4 cxd4 4. Nxd4 Nf6 5. Nc3 Nc6 6. Bb5 Bd7 7. O-O g6 8. Be3 Bg7 9. f3 O-O 10. Qd2 Re8 11. Rad1 a6 12. Ba4 Rc8 13. Qf2 Nxd4 14. Bxd4 Rc4 15. Bb3 Rxd4 16. Rxd4 Qa5 17. Rdd1 Bc6 18. Qd2 Qh5 19. Nd5 Nxd5 20. exd5 Bd7 21. c3 Qh6 22. Qxh6 Bxh6 23. Rfe1 Kf8 24. Re4 Bg7 25. a4 b5 26. axb5 Bxb5 27. Ba4 f5 28. Bxb5 axb5 29. Rb4 1-0

[Event "Grand Pacific op"]
[Site "Victoria CAN"]
[Date "2011.04.23"]
[Round "2"]
[White "Yoos, John"]
[Black "Daswani, Benedict"]
[Result "1/2-1/2"]
[WhiteElo "2382"]
[BlackElo "2003"]
[PlyCount "68"]
[GameId "2160767909778866"]
[EventDate "2011.04.22"]
[EventType "swiss"]
[EventRounds "6"]
[EventCountry "CAN"]
[SourceTitle "EXT 2014"]
[Source "ChessBase"]
[SourceDate "2013.11.20"]
[SourceVersion "1"]
[SourceVersionDate "2013.11.20"]
[SourceQuality "1"]

1. e4 d6 2. d4 Nf6 3. Nc3 g6 4. Be3 c6 5. Nf3 Bg4 6. h3 Bxf3 7. Qxf3 Nbd7 8. Bd3 Bg7 9. O-O O-O 10. Rfd1 e5 11. Bf1 Qa5 12. Qe2 Rfe8 13. Qd3 Rad8 14. f3 d5 15. exd5 cxd5 16. Qb5 Qc7 17. dxe5 Nxe5 18. Bxa7 Nh5 19. Bf2 d4 20. Ne2 Qe7 21. Nxd4 Qg5 22. h4 Qf4 23. Ne2 Qf5 24. Ng3 Nxg3 25. Bxg3 Nxf3+ 26. gxf3 Qxf3 27. Bf2 Qg4+ 28. Bg2 Rxd1+ 29. Rxd1 Qxd1+ 30. Bf1 Qg4+ 31. Bg2 Rd8 32. c3 Bh6 33. Bd4 Qxh4 34. Qe5 Rxd4 1/2-1/2

[Event "Grand Pacific op"]
[Site "Victoria CAN"]
[Date "2011.04.23"]
[Round "3"]
[White "Caluza, Severo"]
[Black "Davis, Frederick"]
[Result "1/2-1/2"]
[WhiteElo "1851"]
[BlackElo "1545"]
[PlyCount "102"]
[GameId "2160767909778868"]
[EventDate "2011.04.22"]
[EventType "swiss"]
[EventRounds "6"]
[EventCountry "CAN"]

1. c4 Nf6 2. Nc3 g6 3. e4 d6 4. d4 Bg7 5. Nf3 O-O 6. Be2 e5 7. Bg5 h6 8. Bh4 Qe8 9. dxe5 dxe5 10. O-O c6 11. Bg3 Nbd7 12. Ne1 Qe7 13. Qc2 Rd8 14. Rd1 b6 15. a3 Bb7 16. b4 Nf8 17. Nd3 Ne8 18. Kh1 a5 19. Na4 axb4 20. axb4 Nd7 21. Bg4 b5 22. Bxd7 bxa4 23. Nc5 Nc7 24. Nxb7 Rxd7 25. Rxd7 Qxd7 26. Nc5 Qe7 27. Rd1 Ne6 28. Rd7 Qe8 29. Rd1 Nxc5 30. bxc5 Qe7 31. f3 Qxc5 32. Bf2 Qa5 33. Be1 Qa6 34. c5 a3 35. Bc3 Qa4 36. Qc1 Qc4 37. Qa1 Qxc5 38. f4 a2 39. fxe5 Re8 40. Bd4 Qe7 41. Qxa2 Bxe5 42. Be3 Bg7 43. Rf1 Qxe4 44. Qxf7+ Kh8 45. Bc5 Qe6 46. Qf2 Kg8 47. Qh4 Qe5 48. Bb4 c5 49. Re1 Qb8 50. Rxe8+ Qxe8 51. Bxc5 Bf8 1/2-1/2

[Event "Grand Pacific op"]
[Site "Victoria CAN"]
[Date "2011.04.23"]
[Round "3"]
[White "Crook, David"]
[Black "Seedhouse, Ed"]
[Result "0-1"]
[WhiteElo "1918"]
[BlackElo "2050"]
[PlyCount "74"]
[GameId "2160767909778869"]
[EventDate "2011.04.22"]
[EventType "swiss"]
[EventRounds "6"]
[EventCountry "CAN"]

1. c4 g6 2. Nc3 Bg7 3. g3 d6 4. Bg2 Nf6 5. d3 O-O 6. Nf3 e5 7. Bg5 h6 8. Bd2 Nc6 9. a3 Be6 10. e4 Qd7 11. h3 Kh7 12. Nd5 Ng8 13. Qc1 f5 14. g4 fxe4 15. dxe4 Qf7 16. O-O Qd7 17. Rb1 Rf7 18. Qd1 Raf8 19. Nh2 Nd4 20. Bc3 c6 21. Ne3 Rf4 22. b3 Qf7 23. f3 a6 24. Qd3 Nf6 25. Nc2 Nxb3 26. Rf2 Bxc4 27. Qe3 Nxe4 28. Be1 Nxf2 29. Bxf2 Nd4 30. Ne1 b5 31. Kh1 e4 32. Bg3 Rxf3 33. Bxf3 exf3 34. Bf2 Re8 35. Qc1 Re2 36. Rb2 Nb3 37. Qb1 Rxb2 0-1

[Event "Grand Pacific op"]
[Site "Victoria CAN"]
[Date "2011.04.23"]
[Round "3"]
[White "Gansvind, Valeriya"]
[Black "Steininger, Gavin"]
[Result "1-0"]
[WhiteElo "2225"]
[BlackElo "2003"]
[PlyCount "97"]
[GameId "2160767909778871"]
[EventDate "2011.04.22"]
[EventType "swiss"]
[EventRounds "6"]
[EventCountry "CAN"]
[SourceTitle "EXT 2014"]
[Source "ChessBase"]
[SourceDate "2013.11.20"]
[SourceVersion "1"]
[SourceVersionDate "2013.11.20"]
[SourceQuality "1"]

1. d4 Nf6 2. Nf3 e6 3. e3 c5 4. Bd3 b6 5. b3 Ba6 6. c4 Nc6 7. Bb2 d6 8. O-O Be7 9. a3 O-O 10. Nc3 Bb7 11. Qc2 h6 12. Rfd1 Nb8 13. Qe2 Nbd7 14. Rac1 Rc8 15. Bb1 Qc7 16. d5 e5 17. Qc2 Rfe8 18. Nh4 Bf8 19. Nf5 g6 20. Ng3 a6 21. a4 a5 22. Re1 Bg7 23. Rcd1 Ba6 24. Bc1 Nf8 25. Qe2 Qd7 26. e4 N8h7 27. Bd3 h5 28. Nf1 Rcd8 29. Nb5 Bxb5 30. cxb5 Qg4 31. Qxg4 Nxg4 32. Nd2 Rb8 33. Nc4 Red8 34. h3 Nh6 35. g3 f6 36. h4 Nf7 37. f3 Bh6 38. Bb2 Nf8 39. Bf1 Kh7 40. Bh3 Kg7 41. Kf2 Nh7 42. Bc3 Nf8 43. Ra1 Rb7 44. Rad1 Rbb8 45. Nxb6 Rxb6 46. Bxa5 Rbb8 47. Bc7 Rb7 48. b6 Rdb8 49. a5 1-0

[Event "Grand Pacific op"]
[Site "Victoria CAN"]
[Date "2011.04.23"]
[Round "3"]
[White "Leblanc, Paul"]
[Black "Moore, Harry"]
[Result "0-1"]
[WhiteElo "1953"]
[BlackElo "2278"]
[PlyCount "80"]
[GameId "2160767909778874"]
[EventDate "2011.04.22"]
[EventType "swiss"]
[EventRounds "6"]
[EventCountry "CAN"]
[SourceTitle "EXT 2014"]
[Source "ChessBase"]
[SourceDate "2013.11.20"]
[SourceVersion "1"]
[SourceVersionDate "2013.11.20"]
[SourceQuality "1"]

1. d4 Nf6 2. c4 c5 3. d5 e6 4. Nc3 exd5 5. cxd5 d6 6. e4 g6 7. Nf3 Bg7 8. Bd3 O-O 9. O-O Bg4 10. h3 Bxf3 11. Qxf3 Nbd7 12. Bf4 Qe7 13. Qg3 Ne8 14. Rfe1 Ne5 15. Bc2 a6 16. a4 Rd8 17. Rad1 Nc7 18. Bg5 f6 19. Bf4 b5 20. Bxe5 fxe5 21. axb5 axb5 22. Ra1 b4 23. Ne2 Nb5 24. Ra6 c4 25. Ra4 b3 26. Bb1 Rc8 27. Rc1 c3 28. bxc3 Bh6 29. Rd1 Bg5 30. Qd3 Qb7 31. Rb4 Qa7 32. Rxb5 Rxf2 33. Kh1 Rcf8 34. c4 Rf1+ 35. Kh2 Bf4+ 36. Nxf4 Qg1+ 37. Kg3 exf4+ 38. Kh4 Qf2+ 39. g3 Rxd1 40. Qxb3 Rxb1 0-1

[Event "Grand Pacific op"]
[Site "Victoria CAN"]
[Date "2011.04.23"]
[Round "3"]
[White "Rausis, Igors"]
[Black "Chan, James"]
[Result "1-0"]
[WhiteElo "2489"]
[BlackElo "1990"]
[PlyCount "59"]
[GameId "2160767909778875"]
[EventDate "2011.04.22"]
[EventType "swiss"]
[EventRounds "6"]
[EventCountry "CAN"]
[SourceTitle "EXT 2014"]
[Source "ChessBase"]
[SourceDate "2013.11.20"]
[SourceVersion "1"]
[SourceVersionDate "2013.11.20"]
[SourceQuality "1"]

1. d4 d5 2. c4 c6 3. Nf3 Nf6 4. Qc2 g6 5. Bf4 Bg7 6. e3 O-O 7. Nc3 a6 8. Be2 Bg4 9. Qb3 b5 10. cxd5 Nxd5 11. Bg3 Nxc3 12. Qxc3 Qb6 13. h3 Be6 14. O-O b4 15. Qc2 b3 16. axb3 Bxb3 17. Qc3 Nd7 18. Rxa6 Rxa6 19. Bxa6 c5 20. Be2 e6 21. Rc1 cxd4 22. Qc7 Ba4 23. Qxb6 Nxb6 24. Nxd4 e5 25. Nc6 Re8 26. e4 f5 27. exf5 gxf5 28. b3 Bxb3 29. Rb1 Bc4 30. Bh5 1-0

[Event "Grand Pacific op"]
[Site "Victoria CAN"]
[Date "2011.04.23"]
[Round "3"]
[White "Trochtchanovitch, Pavel"]
[Black "Maisuradze, Nino"]
[Result "0-1"]
[WhiteElo "2071"]
[BlackElo "2296"]
[PlyCount "72"]
[GameId "2160767909778876"]
[EventDate "2011.04.22"]
[EventType "swiss"]
[EventRounds "6"]
[EventCountry "CAN"]
[SourceTitle "EXT 2014"]
[Source "ChessBase"]
[SourceDate "2013.11.20"]
[SourceVersion "1"]
[SourceVersionDate "2013.11.20"]
[SourceQuality "1"]

1. e4 c5 2. Nf3 Nc6 3. d4 cxd4 4. Nxd4 e5 5. Nb3 Nf6 6. Nc3 Bb4 7. Bd3 d5 8. exd5 Nxd5 9. Bd2 Nxc3 10. bxc3 Be7 11. O-O Be6 12. Be3 b6 13. Qf3 Qc7 14. Bb5 Rc8 15. Ba6 Rd8 16. Rfd1 O-O 17. Qg3 f5 18. Bg5 Bxg5 19. Qxg5 Rxd1+ 20. Rxd1 Nb8 21. Bf1 h6 22. Qd2 Rc8 23. Qd6 Qxd6 24. Rxd6 Kf7 25. f3 Rxc3 26. Rd2 Nc6 27. Nc1 Nb4 28. Nd3 Rxc2 29. Nxe5+ Kf6 30. Rxc2 Nxc2 31. Nc4 b5 32. Nb2 b4 33. Bd3 Nd4 34. Nc4 Nb5 35. Kf2 Nc3 36. a3 Bxc4 0-1

[Event "Grand Pacific op"]
[Site "Victoria CAN"]
[Date "2011.04.24"]
[Round "4"]
[White "Cao, Jason"]
[Black "Ma, Lan"]
[Result "1/2-1/2"]
[WhiteElo "1901"]
[BlackElo "1821"]
[PlyCount "124"]
[GameId "2160767909778878"]
[EventDate "2011.04.22"]
[EventType "swiss"]
[EventRounds "6"]
[EventCountry "CAN"]

1. e4 e5 2. Nf3 Nc6 3. Bb5 a6 4. Ba4 Nf6 5. O-O d6 6. Re1 Be7 7. c3 b5 8. Bc2 Bg4 9. h3 Bh5 10. d3 O-O 11. Nbd2 Re8 12. Nf1 Bf8 13. Ng3 Bg6 14. d4 h6 15. Nh4 Ne7 16. Qf3 Nc6 17. Be3 Kh8 18. Nxg6+ fxg6 19. Bb3 Qe7 20. Rad1 Na5 21. Bc2 Nc4 22. Bc1 c5 23. b3 Nb6 24. dxc5 dxc5 25. Nf1 c4 26. b4 Rad8 27. Ne3 Rxd1 28. Rxd1 Rd8 29. Nd5 Nbxd5 30. exd5 e4 31. Qe3 Rxd5 32. Rxd5 Nxd5 33. Qd4 Nf6 34. Bf4 g5 35. Be5 Kg8 36. Bxf6 gxf6 37. Qxe4 Qxe4 38. Bxe4 f5 39. Bb7 Bg7 40. Bxa6 Bxc3 41. Bxb5 Bxb4 42. Bxc4+ Kf8 43. Kf1 Ke7 44. Ke2 Kd6 45. Kd3 Ke5 46. Bb5 Bc5 47. Ke2 h5 48. h4 Kf4 49. g3+ Kg4 50. hxg5 Kxg5 51. a4 f4 52. gxf4+ Kxf4 53. a5 h4 54. Bd7 Ba7 55. f3 Kg3 56. a6 h3 57. Bxh3 Kxh3 58. Kd3 Kh4 59. Ke4 Kg5 60. Ke5 Kg6 61. f4 Kf7 62. Kf5 Bd4 1/2-1/2

[Event "Grand Pacific op"]
[Site "Victoria CAN"]
[Date "2011.04.24"]
[Round "4"]
[White "De Peiza, Anson"]
[Black "Laceste, Loren"]
[Result "0-1"]
[WhiteElo "2114"]
[BlackElo "1929"]
[PlyCount "74"]
[GameId "2160767909778879"]
[EventDate "2011.04.22"]
[EventType "swiss"]
[EventRounds "6"]
[EventCountry "CAN"]

1. d4 d5 2. Nf3 Nf6 3. Bf4 c6 4. e3 Qb6 5. Qc1 Bf5 6. c4 e6 7. Nc3 Be7 8. Be2 O-O 9. h3 dxc4 10. Bxc4 c5 11. O-O cxd4 12. Nxd4 Bg6 13. Bb3 Nc6 14. Nxc6 Qxc6 15. Bc2 Bh5 16. Ba4 Qb6 17. Bd1 Bg6 18. Bc2 Rac8 19. Bxg6 hxg6 20. Bg5 Qa5 21. e4 Bb4 22. Bxf6 gxf6 23. Qb1 Bxc3 24. bxc3 b6 25. Qb4 Qe5 26. Rac1 Rc5 27. Rfd1 Rfc8 28. f3 Kg7 29. Rd7 Qf4 30. Rcd1 Qe3+ 31. Kh2 Qe2 32. R1d2 Qe3 33. Qb3 Rxc3 34. Qxe6 Qf4+ 35. Kg1 Rc1+ 36. Kf2 Qxd2+ 37. Kg3 Qg5+ 0-1

[Event "Grand Pacific op"]
[Site "Victoria CAN"]
[Date "2011.04.24"]
[Round "4"]
[White "Kostin, Andrey"]
[Black "Cheng, Jack"]
[Result "1-0"]
[WhiteElo "2116"]
[BlackElo "1975"]
[PlyCount "131"]
[GameId "2160767909778881"]
[EventDate "2011.04.22"]
[EventType "swiss"]
[EventRounds "6"]
[EventCountry "CAN"]
[SourceTitle "EXT 2014"]
[Source "ChessBase"]
[SourceDate "2013.11.20"]
[SourceVersion "1"]
[SourceVersionDate "2013.11.20"]
[SourceQuality "1"]

1. e4 e5 2. Nf3 Nc6 3. Bb5 a6 4. Ba4 Nf6 5. O-O b5 6. Bb3 Bb7 7. d3 Be7 8. c3 d6 9. Re1 Na5 10. Bc2 c5 11. Nbd2 O-O 12. Nf1 Nc6 13. Ng3 Re8 14. d4 Qc7 15. d5 Nb8 16. h3 Bf8 17. Nh4 Nbd7 18. Nhf5 h6 19. Qf3 Kh7 20. Nf1 g6 21. N5e3 Bg7 22. g4 c4 23. Ng3 Nc5 24. h4 Bc8 25. Qe2 Qd7 26. f3 Qe7 27. b3 cxb3 28. axb3 Nfd7 29. Ng2 Nb6 30. Be3 Qc7 31. Rec1 Bd7 32. Ne1 Rec8 33. Nd3 Qd8 34. Qf2 Qxh4 35. Nxc5 dxc5 36. b4 Nc4 37. Bxc5 a5 38. Kg2 axb4 39. cxb4 Qg5 40. Bd3 Rxa1 41. Rxa1 Bf8 42. Ra7 Bxc5 43. bxc5 Ne3+ 44. Kg1 Be8 45. c6 b4 46. Rb7 h5 47. gxh5 gxh5 48. Kh1 h4 49. Nf1 Nxf1 50. Bxf1 Qf4 51. Rxb4 Bxc6 52. dxc6 Rxc6 53. Rb3 Rg6 54. Bh3 Rg3 55. Bf5+ Kg7 56. Qe3 Qxe3 57. Rxe3 Kf6 58. Kh2 Kg5 59. Bg4 Kf4 60. Rb3 f6 61. Rb6 Kg5 62. Rb7 Kg6 63. Bf5+ Kg5 64. Rg7+ Kf4 65. Rxg3 hxg3+ 66. Kg2 1-0

[Event "Grand Pacific op"]
[Site "Victoria CAN"]
[Date "2011.04.24"]
[Round "4"]
[White "Maisuradze, Nino"]
[Black "Gansvind, Valeriya"]
[Result "1-0"]
[WhiteElo "2296"]
[BlackElo "2225"]
[PlyCount "69"]
[GameId "2160767909778882"]
[EventDate "2011.04.22"]
[EventType "swiss"]
[EventRounds "6"]
[EventCountry "CAN"]
[SourceTitle "EXT 2014"]
[Source "ChessBase"]
[SourceDate "2013.11.20"]
[SourceVersion "1"]
[SourceVersionDate "2013.11.20"]
[SourceQuality "1"]

1. d4 d6 2. c4 g6 3. Nc3 Bg7 4. e4 Nc6 5. Be3 e5 6. Nge2 Nf6 7. d5 Ne7 8. f3 Nd7 9. g4 f5 10. gxf5 gxf5 11. f4 Nf6 12. fxe5 dxe5 13. Ng3 f4 14. Nh5 Nxh5 15. Qxh5+ Ng6 16. Bc5 Bd7 17. Rg1 Qf6 18. Bh3 O-O-O 19. O-O-O b6 20. Bf2 Bf8 21. Rd3 Kb7 22. Bxd7 Rxd7 23. Qd1 Qf7 24. c5 bxc5 25. Qa4 Rd6 26. Bxc5 Ra6 27. Qb5+ Rb6 28. Bxb6 axb6 29. Na4 Qf6 30. Rc3 Be7 31. Rc6 Rf8 32. Nxb6 cxb6 33. Qxb6+ Ka8 34. Qa5+ Kb7 35. Rc7+ 1-0

[Event "Grand Pacific op"]
[Site "Victoria CAN"]
[Date "2011.04.24"]
[Round "4"]
[White "Patterson, Roger"]
[Black "Day, Lawrence"]
[Result "1/2-1/2"]
[WhiteElo "2155"]
[BlackElo "2251"]
[PlyCount "117"]
[GameId "2160767909778883"]
[EventDate "2011.04.22"]
[EventType "swiss"]
[EventRounds "6"]
[EventCountry "CAN"]
[SourceTitle "EXT 2014"]
[Source "ChessBase"]
[SourceDate "2013.11.20"]
[SourceVersion "1"]
[SourceVersionDate "2013.11.20"]
[SourceQuality "1"]

1. e4 g6 2. d4 Bg7 3. Nc3 a6 4. f4 b5 5. Nf3 d6 6. a4 b4 7. Nd5 Nc6 8. Ne3 Nf6 9. Bd3 Nh5 10. d5 Na5 11. g3 O-O 12. O-O c6 13. Qe1 cxd5 14. Nxd5 Rb8 15. Bd2 Nc6 16. a5 Bxb2 17. Ra2 Bg7 18. Nxb4 Nxb4 19. Bxb4 Qc7 20. c3 Nf6 21. Qe2 Qa7+ 22. Kg2 Rd8 23. Re1 Ra8 24. Nd2 Qd7 25. Nc4 Qh3+ 26. Kg1 Be6 27. Nb6 Ra7 28. Rd2 Bg4 29. Qg2 Qh5 30. Be2 Bxe2 31. Qxe2 Qxe2 32. Rexe2 Re8 33. h3 Nh5 34. Kg2 Rc7 35. Rd3 Rc6 36. Kf3 Bh6 37. e5 dxe5 38. Rxe5 e6 39. Nd7 Rec8 40. Rc5 Bg7 41. Rxc6 Rxc6 42. Nb8 Rc8 43. Nxa6 Nf6 44. Nc7 Bf8 45. Nb5 Nd5 46. Bxf8 Kxf8 47. a6 Ke7 48. a7 Nb6 49. c4 Rxc4 50. Rc3 Rxc3+ 51. Nxc3 Kd7 52. Na4 Na8 53. Ke4 Kd6 54. g4 f6 55. Kd4 h6 56. h4 Kc6 57. Nc5 Nc7 58. a8=Q+ Nxa8 59. Nxe6 1/2-1/2

[Event "Grand Pacific op"]
[Site "Victoria CAN"]
[Date "2011.04.24"]
[Round "4"]
[White "Pitre, Hanniegn"]
[Black "Sohal, Tanraj"]
[Result "0-1"]
[WhiteElo "1994"]
[BlackElo "2018"]
[PlyCount "89"]
[GameId "2160767909778884"]
[EventDate "2011.04.22"]
[EventType "swiss"]
[EventRounds "6"]
[EventCountry "CAN"]
[SourceTitle "EXT 2014"]
[Source "ChessBase"]
[SourceDate "2013.11.20"]
[SourceVersion "1"]
[SourceVersionDate "2013.11.20"]
[SourceQuality "1"]

1. e4 c5 2. Nc3 Nc6 3. f4 g6 4. Nf3 Bg7 5. g3 d6 6. Bg2 e6 7. O-O Nge7 8. d3 O-O 9. Re1 Rb8 10. Kh1 Nd4 11. Ne2 b6 12. c3 Nxf3 13. Bxf3 d5 14. e5 Qd7 15. d4 Ba6 16. Ng1 cxd4 17. cxd4 Rfc8 18. Nh3 Nc6 19. a3 Na5 20. b4 Nc4 21. a4 Bb7 22. Nf2 Qe7 23. Rb1 Bc6 24. h4 Bd7 25. h5 f5 26. Kg2 Bf8 27. hxg6 hxg6 28. Rh1 Qg7 29. g4 Kf7 30. gxf5 gxf5+ 31. Kf1 Ke8 32. Rg1 Qe7 33. Bh5+ Kd8 34. Rg8 Kc7 35. b5 Bh6 36. Rxc8+ Rxc8 37. Be2 Kb7 38. Qb3 Qg7 39. Bxc4 Rxc4 40. a5 Qf8 41. axb6 axb6 42. Be3 Qe8 43. Nd3 Bf8 44. Nc5+ bxc5 45. dxc5 0-1

[Event "Grand Pacific op"]
[Site "Victoria CAN"]
[Date "2011.04.24"]
[Round "4"]
[White "Rausis, Igors"]
[Black "Yam, Alex"]
[Result "1/2-1/2"]
[WhiteElo "2489"]
[BlackElo "2164"]
[PlyCount "150"]
[GameId "2160767909778885"]
[EventDate "2011.04.22"]
[EventType "swiss"]
[EventRounds "6"]
[EventCountry "CAN"]
[SourceTitle "EXT 2014"]
[Source "ChessBase"]
[SourceDate "2013.11.20"]
[SourceVersion "1"]
[SourceVersionDate "2013.11.20"]
[SourceQuality "1"]

1. e4 d5 2. exd5 Qxd5 3. Nc3 Qd6 4. d4 Nf6 5. Nf3 a6 6. g3 Nc6 7. Bf4 Qb4 8. a3 Qb6 9. d5 Ng4 10. Qd2 e5 11. Na4 Qa7 12. Be3 Nxe3 13. Qxe3 Qxe3+ 14. fxe3 e4 15. Nd2 Ne5 16. Nxe4 Bg4 17. Be2 O-O-O 18. Nac3 h6 19. Bxg4+ Nxg4 20. Ke2 f5 21. Nf2 Nf6 22. Rad1 Bc5 23. Kf3 Rhe8 24. Rhe1 g5 25. h3 h5 26. e4 Bxf2 27. Kxf2 fxe4 28. Ke3 Re5 29. Rf1 Nxd5+ 30. Nxd5 Rexd5 31. Rxd5 Rxd5 32. Rf8+ Kd7 33. Rh8 g4 34. hxg4 Rg5 35. gxh5 Rxg3+ 36. Kxe4 Rg2 37. Rh7+ Kd6 38. Rh6+ Kd7 39. Kd3 Rh2 40. a4 a5 41. b3 b6 42. Rh8 Rh3+ 43. Kc4 Kc6 44. Rh6+ Kb7 45. Kd4 Rh2 46. Kd3 Rh3+ 47. Kd4 Rh2 48. Kc3 Rh3+ 49. Kb2 Rh2 50. Rh8 Kc6 51. Kc3 Rh3+ 52. Kd4 Rh4+ 53. Ke3 Rh2 54. Kd3 Rh3+ 55. Kd2 Rh2+ 56. Kc1 Kc5 57. h6 c6 58. Kb2 Rh3 59. Kb1 Rh2 60. Kc1 Kb4 61. Kb2 Kc5 62. Kc3 Rh3+ 63. Kb2 Rh2 64. Kb1 Kb4 65. Kb2 Kc5 66. Rh7 Rh3 67. c3 Rh2+ 68. Kc1 Rh1+ 69. Kd2 Rh2+ 70. Ke3 Rh3+ 71. Kd2 Rh2+ 72. Kc1 Rh1+ 73. Kb2 Rh2+ 74. Ka3 Rh3 75. Kb2 Rh2+ 1/2-1/2

[Event "Grand Pacific op"]
[Site "Victoria CAN"]
[Date "2011.04.24"]
[Round "4"]
[White "Steininger, Gavin"]
[Black "Murray, Mike"]
[Result "1/2-1/2"]
[WhiteElo "2003"]
[BlackElo "2043"]
[PlyCount "62"]
[GameId "2160767909778886"]
[EventDate "2011.04.22"]
[EventType "swiss"]
[EventRounds "6"]
[EventCountry "CAN"]
[SourceTitle "EXT 2014"]
[Source "ChessBase"]
[SourceDate "2013.11.20"]
[SourceVersion "1"]
[SourceVersionDate "2013.11.20"]
[SourceQuality "1"]

1. e4 Nc6 2. Nf3 Nf6 3. e5 Ng4 4. d4 d6 5. h3 Nh6 6. Bxh6 gxh6 7. Bb5 a6 8. Bxc6+ bxc6 9. Qe2 Bg7 10. Nbd2 O-O 11. O-O Bf5 12. Ne4 e6 13. Ng3 Bg6 14. c3 Qe7 15. Rfe1 Rfd8 16. Rad1 a5 17. Nh2 Rdb8 18. b3 c5 19. f4 a4 20. bxa4 Rxa4 21. Rd2 cxd4 22. cxd4 c5 23. dxc5 dxe5 24. fxe5 Qxc5+ 25. Qf2 Qxf2+ 26. Kxf2 Rba8 27. Ree2 Bb1 28. Nh5 Rxa2 29. Rxa2 Rxa2 30. Rxa2 Bxa2 31. Nxg7 Kxg7 1/2-1/2